000 00920nam a2200301 a 4500
001 10009
003 CO-ViMGA
008 141112s2004 ck r 000 u spa d
020 _a95879247040
040 _aCO-ViMGA
_bspa
_cCO-ViMGA
082 0 4 _a690 S211
100 1 _aSanchez de Guzman ; Diego,
_912443
245 1 0 _aTecnologia del Concreto y del Mortero
260 _aSantafé de Bogotá :
_bMultiletras,
_c1996
300 _a347p.
490 _aBiblioteca de la Construcción
650 1 4 _aAGUA
650 1 4 _aCEMENTO PORTLAND
_912444
650 1 4 _aCONCRETO FRESCO
_912445
650 1 4 _aCONTROL DE CALIDAD DEL CONCRETO
_912446
650 1 4 _aDURABILIDAD DEL CONCRETO
_912447
650 1 4 _aEL CONCRETO
_912448
650 1 4 _aMORTEROS
_912449
650 1 4 _aPRODUCCION Y MANEJO DEL CONCRETO
_912450
650 1 4 _aRESISTENCIA DEL CONCRETO
_912451
650 1 4 _aRESISTENCIA DEL CONCRETO
_912451
942 _2ddc
_cBK
999 _c21386
_d21386